Náuka o rozličnom priemyselnom tovare pre 1. ročník učňovských škôl. učebné odbory predavač rozličného tovaru - 1501, predavač potravinárskeho tovaru - 1502, predavač mäsa a mäsových výrobkov - 1503

Bibliographic Details
Main Authors: Vokálek, Jaroslav (Author), Broum, Jan (Author)
Other Authors: Uhlár, Vlado, 1912-1996 (Translator)
Format: Book
Language:Slovak
Czech
PhysicalDescription:76, [4] s. 8°
Published: Bratislava Slovenské pedagogické nakladateľstvo 1960
Subjects:

MARC

LEADER 00000nam a2200000 a 4500
001 vtls008360880
003 SK-MaSNL
005 20260301135949.0
008 230403s1960 xo slo
015 |a SNBA1960/12-01957 
035 |a SK01SNK19600053097 
035 |a urn:nbn:sk:snk-amlmf4 
035 |a urn:nbn:sk:snk-am00byal 
035 |a 620E3B53-E122-44DD-A6AE-F53F55CE9D33 
035 |a SKM000055560 
040 |a SNK  |b slo  |c SNK  |e AACR2 
041 1 |a slo  |h cze 
044 |a xo  |c SK 
080 |a 620.2(075.3)  |2 1981 
100 1 |a Vokálek, Jaroslav  |4 aut  |9 80047 
245 1 0 |a Náuka o rozličnom priemyselnom tovare pre 1. ročník učňovských škôl.  |b učebné odbory predavač rozličného tovaru - 1501, predavač potravinárskeho tovaru - 1502, predavač mäsa a mäsových výrobkov - 1503  |c [autori:] Jaroslav Vokálek a Jan Broum ; z čes. orig. ... prel. Vladimír Uhlár 
260 |a Bratislava  |b Slovenské pedagogické nakladateľstvo  |c 1960  |e Nitra  |f Západoslovenské tlačiarne 
300 |a 76, [4] s.  |c 8° 
500 |a Ilustr. Tb. 
563 |a 1700 výtl. 
650 0 7 |a tovaroznalectvo  |x učebnice učňov. škôl (1. roč.)  |2 SNK  |9 492025 
655 7 |a učebnice  |2 SNKPH  |9 22521 
700 1 |a Broum, Jan  |4 aut  |9 424848 
700 1 |a Uhlár, Vlado,  |d 1912-1996  |4 trl  |9 106775 
852 |a Slovenská národná knižnica 
954 |a odborná, vedecká literatúra cudzojazyčná (svetová)  |2 lita 
958 |a OND 
958 |a TL 
958 |a RK 
958 |a UC 
958 |a OP 
958 |a EUIPO 
999 |c 762008  |d 763938 
952 |a SNK  |b SNK  |y PREZ  |7 0  |p 17A0677400  |o snkSD 19335  |i snkKSP 3936/60  |0 0  |1 0  |4 0  |d 2010-11-12  |f 1  |l 0  |r 2025-12-03 00:00:00  |w 2026-02-24